o jakim członku GENZIE mowa? - Statystyki

Ogólne statystyki
  • Ten quiz został rozwiązany 2 222 razy
  • Średni wynik to 13 z 15
Statystyki odpowiedzi
Pytanie osoba z GENZIE % Poprawnych
Kto z genzie jest najmłodszy? Kostek
97%
Kto pochodzi z Białego Stoku? Świeży i Hania
94%
Kto wierzy w kamienie i znaki zodiaku? Hania
89%
Kto jest najstarszy? Świeży
89%
Kto nie ma swojego własnego kanału? Świeży, Kostek i Julita
87%
Kto ma skończone studia? Julita
86%
Kto ma swój kanał ale nie wrzuca prawie żadnych filmów? Bartek
85%
Kto ma najwięcej subów na swoim kanale? Mortalcio
85%
Kto należy do trzech króli? Bartek
83%
Kto kiedyś mieszkał w Anglii? Mortalcio i Kartonii
83%
Kto według statystyk jest najbardziej lubiany? Hania
82%
Kto miał kiedyś gorset ortopedyczny? Hania
81%
Kto ma tanatofobię? Mortalcio
78%
Kto lubi się bać? Kartonii
76%
Jaki jest największy ship w GENZIE? Fartek
60%
Nie znaleziono quizów pasujących do podanych kryteriów
Rozkład punktacji
Procent ludzi z każdym wynikiem
Percentyl według liczby udzielonych odpowiedzi
Twoja historia wyników
Nie rozwiązałeś tego quizu